Gn̊ero, sexualidade e direito uma introduȯ̂ /

Bibliographic Details
Main Author: Maciel Ramos, Marcelo
Other Authors: Gravat ̀Nicoli, Pedro Augusto
Format: eBook
Language:Portuguese
Published: Belo Horizonte: Initia Via Editora, 2016
Subjects:
Online Access:Acceso restringido

MARC

LEADER 00000nam a22000007a 4500
005 20210422225155.0
007 cr|||| ||||
008 210422s2016 br |||||s|||| 00||0 por d
020 |a 978-85-9547-013-2 
035 |a 33013 
040 |a vLex 
090 |c 11502  |d 11502 
100 1 |a Maciel Ramos, Marcelo 
245 1 0 |a Gn̊ero, sexualidade e direito  |h [Recurso electrn̤ico] :  |b uma introduȯ̂ /  |c Marcelo Maciel Ramos, Pedro Augusto Gravat ̀Nicoli 
256 |a Servicio en ln̕ea 
260 |a Belo Horizonte:  |b Initia Via Editora,  |c 2016 
300 |a 1 recurso electrn̤ico 
506 1 |a Disponible solo en los productos indicados  |d vLex Global  |d vLex Global (Academic Edition, excluding Law Schools)  |d vLex Global (U.S. Academic Edition, Law Schools)  |d vLex Global (U.S. Academic Edition, excluding Law Schools)  |d vLex Global (Academic Edition, Law Schools) 
650 0 4 |a Ciencias sociales  |z Brasil 
700 1 |a Gravat ̀Nicoli, Pedro Augusto 
740 0 |a vLex Libros (Servicio en ln̕ea) 
856 4 0 |u https://vlex.com/source/g-nero-sexualidade-direito-introdu-o-33013  |z Acceso restringido 
942 |c BOOK 
999 0 |a Social Sciences